Statistics for Flags for Food Quiz

Click here to take the quiz!

General Stats

  • This quiz has been taken 21 times
  • The average score is 7 of 14

Answer Stats

Answer% Correct
Oreo
84%
Watermelon
84%
Egg
74%
Candy Corn
63%
Froot Loops
63%
Sushi
63%
Candy Cane
58%
Neapolitan Ice Cream
47%
Toblerone
47%
S'mores
42%
Avocado
32%
Bacon
32%
Tiramisu
26%
Burrito
11%

Score Distribution

Percentile by Number Answered

Percent of People with Each Score

Your Score History

You have not taken this quiz